| 000 | 00431nam a22001817a 4500 | ||
|---|---|---|---|
| 003 | MPLRDC | ||
| 005 | 20220104114108.0 | ||
| 008 | 210129b ||||| |||| 00| 0 eng d | ||
| 082 | _a855 HF | ||
| 100 | _a何凡、林海音著 | ||
| 245 |
_a窗 _c |
||
| 250 | _a十一版 | ||
| 260 |
_a _b夏林含英出版 _c1978 |
||
| 300 | _b平 | ||
| 490 | _a纯文学丛书;43 | ||
| 650 | _a散文;随笔、日记 | ||
| 942 |
_cBK _o855 HF |
||
| 999 |
_c4781 _d4771 |
||